000 00548nam a2200181Ia 4500
008 100920s9999 xx 000 0 und d
082 _b100224
_a700 न 04
100 _aअत्रे प्रभा.
245 _aसुस्वराली.
260 _bबुकमार्क पब्लिकेशन, पुणे.
_c2004
300 _a150
_bसाधी
365 _b200
520 _aकला.
630 _aसुस्वराली.
650 _aकला.
730 _aसुस्वराली.
942 _cBOOK
999 _c740662
_d740659